000 00392nam a2200169Ia 4500
001 18146
003 IN-NITTTR
005 20251114233212.0
008 251113s9999||||xx |||||||||||||| ||eng||
040 _beng
040 _cIN-NITTTR
041 _aeng
082 _a510.2462 T314
100 _aKohli, S.
245 2 _aA text book of engineering mathematics /
_cKohli, S.
942 _2ddc
_cBK
999 _c20780
_d20780